| 000 | 00776nam a2200241Ia 4500 | ||
|---|---|---|---|
| 008 | 160319s9999 xx 000 0 und d | ||
| 020 | _a971-725-113-4 | ||
| 050 | _aFIL PE 1130.F5 | ||
| 050 | _b.E54 2004 c.1 | ||
| 245 | _aEnglish a new dimension : | ||
| 245 | _ba worktext in English plus / | ||
| 245 | _cAlex V. Abelos… [et al] | ||
| 260 | _aMakati City: | ||
| 260 | _bGrandwater Pub. | ||
| 260 | _c2004 | ||
| 300 | _a159 pages : | ||
| 300 | _billustrations ; | ||
| 300 | _c28 cm. | ||
| 500 | _aIncludes bibliographical references. | ||
| 650 | _aEnglish language -- Grammar -- Study and teaching -- Philippines. | ||
| 650 | _aEnglish language -- Grammar -- Textbooks. | ||
| 650 | _xEnglish language -- Grammar -- Philippines -- Problems, exercises, etc. | ||
| 999 |
_c291774 _d291774 |
||